Catalog

Record Details

Catalog Search



Imperialism and Christ  Cover Image Book Book

Imperialism and Christ / by Ford C. Ottman

Ottman, Ford C. (Author).

Record details

  • Physical Description: 317 p.
  • Publisher: New York Our Hope /192-?/

Available copies

  • 1 of 1 copy available at Common Catalog SPOK.

Holds

  • 0 current holds with 1 total copy.
Show All Copies
Location Call Number / Copy Notes Barcode Shelving Location Status Due Date
ETS Library 232 424470001398 Volný výběr Available -

LDR 00553nam a2 00217
00133941
003CZ-PrJAB
00520030523000000.0
008030324s1800 xxu e |||| |eng
009us
035 . ‡a(CONS)4201
035 . ‡aKPS305
041 . ‡aeng
08214. ‡a232
100 . ‡7840 ‡aOttman, Ford C.
245 . ‡aImperialism and Christ / ‡cby Ford C. Ottman
260 . ‡aNew York ‡bOur Hope ‡c/192-?/
300 . ‡a317 p.
653 . ‡aImperialism and Christ
8524 . ‡bETS ‡bETS ‡cVolný výběr ‡j232 ‡gA ‡p424470001398
910 . ‡aABG450
999 . ‡a4201 ‡bAUTOGEN ‡c4201 ‡tbiblio
905 . ‡uadmin
901 . ‡a33941 ‡b ‡c33941 ‡tbiblio ‡sets

Additional Resources